000 00945nam a2200181 a 4500
008 150519s1980 ||||||||||||||||| || u
050 _aGOV.ZAM(058)ER/1980A
110 _aGovernment of the Republic of Zambia. Ministry of Finance, National Commission for Development Planning (NCDP)
245 1 0 _aNational commission for development planning economic report 1979
_cBy the National Commission for Development Planning
260 _aLusaka:
_bNCDP
_c1980
300 _a116p.; ill.
350 _a0.00
650 _aZAMBIA--ECONOMIC CONDITIONS
650 0 _aAFRICA--ECONOMIC CONDITIONS
650 _aECONOMIC DEVELOPMENT--PLANNING
995 _aSPECIAL COLLECTIONS
_e03003893
_FCBU-MAIN LIBRARY (Kitwe)
_I0.00
_jGOV.ZAM(058)ER/1980A
_M1
_UAVAILABLE
_WMay 19, 2015
_y03003893
_ZZambiana Collection
995 _aSPECIAL COLLECTIONS
_e03004806
_FCBU-MAIN LIBRARY (Kitwe)
_I0.00
_jGOV.ZAM(058)ER/1980B
_M2
_UAVAILABLE
_WMay 19, 2015
_y03004806
_ZZambiana Collection
999 _c78706
_d78706